000 00972nam a2200241Ia 4500
999 _c38009
_d38009
001 3994
003 GE_BSU
005 20190902165356.0
008 181216s1971||||ge |||||||||||||| ||geo||
040 _cGE_BSU
041 _ageo
080 _a37.01(479.22) ზ–26
100 _aზამბახიძე, ვლ.
_93864
245 _aნიკო ნიკოლაძის პედაგოგიური იდეები /
_cრედ. ე. სარჯველაძე.
245 _bმე-2 გამოცემა.
264 _a თბ. :
_bგანათლება,
_c1971.
300 _a230 გვ. ;
_b22 სმ.
600 _aნიკოლაძე ნიკო
_93865
653 _aნიკოლაძე ნიკო
653 _aქართული პედაგოგიური აზრის ისტორია
700 _aსარჯველაძე, ე.
_eრედაქტორი
_93866
942 _cBK
_2udc